Natural resources development : Focus: tropical

Αποθηκεύτηκε σε:
Λεπτομέρειες βιβλιογραφικής εγγραφής
Μορφή: Βιβλίο
Γλώσσα:Undetermined
Έκδοση: Gernamy The institute for Scientific Co-operation 1997
Θέματα:
Ετικέτες: Προσθήκη ετικέτας
Δεν υπάρχουν, Καταχωρήστε ετικέτα πρώτοι!
Thư viện lưu trữ: Trung tâm Học liệu Trường Đại học Cần Thơ
LEADER 00535nam a2200181Ia 4500
001 CTU_160569
008 210402s9999 xx 000 0 und d
082 |a 333.7 
082 |b N285 
245 0 |a Natural resources development : 
245 0 |b Focus: tropical 
245 0 |c Edited by The institute for Scientific Co-operation 
260 |a Gernamy 
260 |b The institute for Scientific Co-operation 
260 |c 1997 
650 |a Natural resources 
904 |i Giang 
980 |a Trung tâm Học liệu Trường Đại học Cần Thơ